Atlas nacional de México : Infraestructura cultural /

Atlas de México organizado en tres volúmenes que integran siete temas: mapas generales, historia, sociedad, naturaleza, medio ambiente, economía y México en el Mundo. La carta presente contiene nueve mapas, relativos a la infraestructura en museos y galerías, bibliotecas, casas de la cultura, zoológ...

Popoln opis

Shranjeno v:
Bibliografske podrobnosti
Glavni avtor: Padilla y Sotelo, Lilia Susana (autor)
Drugi avtorji: Holt Büttner, Elizabeth (autor) (autor), Basilio, Concepción (autor) (autor), Aguilar, Adrián Guillermo (coordinación del volumen) (coordinación del volumen), Coll Hurtado, Atlántida (coordinación del volumen) (coordinación del volumen), García de Fuentes, Ana (coordinación general) (coordinación general)
Format: Zemljevid
Izdano: México : UNAM, 1990, c1990
Serija:(Sociedad. Cultura ; 6.2)
Teme:
Oznake: Označite
Brez oznak, prvi označite!

MARC

LEADER 00000nem^a2200000^a^4500
001 000123603
005 20250521000000.0
009 20260310094545.146
020 |a 968-36-1587-2 
020 |a 968-36-1586-4 
037 |a Acervo ITESO - Biblioteca 
041 |a GRA 
082 |a 912. 72  |b UNAM 1990 V. 3 T. 6.2 
100 |a Padilla y Sotelo, Lilia Susana  |e (autor) 
240 1 1 |a [Atlas nacional de México] 
245 1 0 |a Atlas nacional de México :  |b Infraestructura cultural /  |c L.S. Padilla y Sotelo, E. Holt Büttner, C. Basilio ; coord. del volumen de A. Guillermo Aguilar, A. Coll Hurtado ; coord. general de A. García de Fuentes. 
255 |c (O118º38'-O86º43'/N32º43'-N14º32') 
255 |a Escalas varias 
264 4 |a México :  |b UNAM,  |c 1990, c1990 
300 |a 1 mapa 
336 |a imagen cartográfica estática  |b cri  |2 rdacontenido 
337 |a sin mediación  |b n  |2 rdamedio 
338 |a mapa  |b nz  |2 rdasoporte 
440 1 |a (Sociedad.  |p Cultura ;  |v 6.2) 
520 |a Atlas de México organizado en tres volúmenes que integran siete temas: mapas generales, historia, sociedad, naturaleza, medio ambiente, economía y México en el Mundo. La carta presente contiene nueve mapas, relativos a la infraestructura en museos y galerías, bibliotecas, casas de la cultura, zoológicos y jardines botánicos, así como al consumo cultural en relación con espectáculos públicos. 
546 |a Edición gráfica con texto en español 
649 |a XX 
650 |a Atlas -  |z México 
650 |a México -  |x Mapas 
650 |a Bibliotecas -  |z México -  |x Historia -  |y 1980-1989 -  |x Mapas 
650 |a Bibliotecas -  |z México -  |x Historia -  |y Siglo XX -  |x Mapas 
650 |a Museos y Galerías -  |z México -  |x Historia -  |y 1980-1989 -  |x Mapas 
650 |a Museos y Galerías -  |z México -  |x Historia -  |y Siglo XX -  |x Mapas 
650 |a Museos y Jardines Botánicos -  |z México -  |x Historia -  |y 1980-1989 -  |x Mapas 
650 |a Museos y Jardines Botánicos -  |z México -  |x Historia -  |y Siglo XX -  |x Mapas 
650 |a Centros Culturales -  |z México -  |x Historia -  |y 1980-1989 -  |x Mapas 
650 |a Centros Culturales -  |z México -  |x Historia -  |y Siglo XX -  |x Mapas 
650 |a Instituciones de Difusión de la Cultura -  |z México -  |x Historia -  |y 1980-1989 -  |x Mapas 
650 |a Instituciones de Difusión de la Cultura -  |z México -  |x Historia -  |y Siglo XX -  |x Mapas 
650 |a Consumo y Oferta Cultural -  |z México -  |x Historia -  |y 1980-1989 -  |x Mapas 
650 |a Consumo y Oferta Cultural -  |z México -  |x Historia -  |y Siglo XX -  |x Mapas 
650 |a Cultura -  |z México -  |x Historia -  |y 1980-1989 -  |x Mapas 
650 |a Cultura -  |z México -  |x Historia -  |y Siglo XX -  |x Mapas 
650 |a Sociedad -  |z México -  |x Mapas 
650 |a Sociología de la Cultura -  |z México 
650 |a Cartografía -  |z México 
650 |a Geografía -  |z México 
700 |a Holt Büttner, Elizabeth  |e (autor) 
700 |a Basilio, Concepción  |e (autor) 
700 |a Aguilar, Adrián Guillermo  |e (coordinación del volumen) 
700 |a Coll Hurtado, Atlántida  |e (coordinación del volumen) 
700 |a García de Fuentes, Ana  |e (coordinación general) 
910 |a Fondo General 
920 |a Gráficos - Mapas 
905 |a 503 
901 |a 0500057337  |b IT2  |c MAP  |u 20250521 
902 |a https://opac.biblio.iteso.mx/vufind/Record/000123603